Клиповое мышление и информационная война в концепциях информационного общества; Современная наука: актуальные проблемы теории и практики. Серия: Познание; № 11 (86)

Bibliografske podrobnosti
Parent link:Современная наука: актуальные проблемы теории и практики. Серия: Познание
№ 11 (86).— 2018.— [С. 69-75]
Glavni avtor: Аюрова А. М. Аида Майрамбековна
Korporativna značnica: Национальный исследовательский Томский политехнический университет Школа базовой инженерной подготовки Отделение социально-гуманитарных наук
Izvleček:Заглавие с экрана
Рассматриваются феномены клипового мышления и информационной войны в рамках осмысления некоторых концепций информационного общества. Обосновывается детерминация усиления роли воздействия информационной войны на человеческое сознание и поведение. Доказывается, что клиповое мышление ведет к утрате критического мышления, делая человека уязвимым к пропаганде, а также является одновременно как методом, так и источником информационной войны. Данный тезис демонстрирует на примере обращения к экскурсу эволюции характера и предмета мышления и способов ведения войны.
Jezik:ruščina
Izdano: 2018
Teme:
Online dostop:https://elibrary.ru/item.asp?id=36648681
Format: Elektronski Book Chapter
KOHA link:https://koha.lib.tpu.ru/cgi-bin/koha/opac-detail.pl?biblionumber=660225

MARC

LEADER 00000naa0a2200000 4500
001 660225
005 20250402130241.0
035 |a (RuTPU)RU\TPU\network\29296 
090 |a 660225 
100 |a 20190514d2018 k||y0rusy50 ca 
101 0 |a rus 
102 |a RU 
135 |a drcn ---uucaa 
181 0 |a i  
182 0 |a b 
200 1 |a Клиповое мышление и информационная война в концепциях информационного общества  |f А. М. Аюрова 
203 |a Текст  |c электронный 
300 |a Заглавие с экрана 
320 |a [Библиогр.: 7 назв.] 
330 |a Рассматриваются феномены клипового мышления и информационной войны в рамках осмысления некоторых концепций информационного общества. Обосновывается детерминация усиления роли воздействия информационной войны на человеческое сознание и поведение. Доказывается, что клиповое мышление ведет к утрате критического мышления, делая человека уязвимым к пропаганде, а также является одновременно как методом, так и источником информационной войны. Данный тезис демонстрирует на примере обращения к экскурсу эволюции характера и предмета мышления и способов ведения войны. 
461 |t Современная наука: актуальные проблемы теории и практики. Серия: Познание 
463 |t № 11 (86)  |v [С. 69-75]  |d 2018 
610 1 |a электронный ресурс 
610 1 |a труды учёных ТПУ 
610 1 |a информационное общество 
610 1 |a информационная война 
610 1 |a информационное пространство 
610 1 |a клиповое мышление 
700 1 |a Аюрова  |b А. М.  |g Аида Майрамбековна 
712 0 2 |a Национальный исследовательский Томский политехнический университет  |b Школа базовой инженерной подготовки  |b Отделение социально-гуманитарных наук  |3 (RuTPU)RU\TPU\col\23512 
801 2 |a RU  |b 63413507  |c 20190514  |g RCR 
856 4 |u https://elibrary.ru/item.asp?id=36648681 
942 |c CF